Technical education in Pakistan: (Record no. 194123)

000 -LEADER
fixed length control field 01146 a2200157 4500
003 - CONTROL NUMBER IDENTIFIER
control field Nust
005 - DATE AND TIME OF LATEST TRANSACTION
control field 20230123094815.0
040 ## - CATALOGING SOURCE
Transcribing agency Nust
082 ## - DEWEY DECIMAL CLASSIFICATION NUMBER
Classification number 370.95491,ALI
100 ## - MAIN ENTRY--PERSONAL NAME
Personal name Mir Muhammad Ali
9 (RLIN) 107349
245 ## - TITLE STATEMENT
Title Technical education in Pakistan:
Remainder of title a study of issues and strategies /
Statement of responsibility, etc. Mir Mohammed Ali
260 ## - PUBLICATION, DISTRIBUTION, ETC.
Place of publication, distribution, etc. Islamabad
Name of publisher, distributor, etc. National book foundation
Date of publication, distribution, etc. 1980
300 ## - PHYSICAL DESCRIPTION
Extent 172 p:
505 ## - FORMATTED CONTENTS NOTE
Formatted contents note Educational for Economic Growth (Page-1), Educational Development in Pakistan (Page-7), Expansion and Consolidation Phase (Page-15), Innovations and Experiment Phase (Page-21), Vocational Educations for Females (Page-35), Development of Commercial Education (Page-38), Vocational Training in Private Sector (Page-43), Issues and Strategy (Page-47), Educational Structure (Page-53), Non Formal Educational Programs (Page-61), Critical issues of educational Structure (Page-65), Curriculum Design (Page-77), Staff Development (Page-87), Examination Performers in Technical Education (Page-103), Research and Innovations (Page-113), Evolution of Instates (Page-137), Management of Technical Education (Page-155).
942 ## - ADDED ENTRY ELEMENTS (KOHA)
Source of classification or shelving scheme
Koha item type Book
Call number prefix 370.95491,ALI
Holdings
Withdrawn status Lost status Source of classification or shelving scheme Damaged status Not for loan Permanent Location Current Location Shelving location Date acquired Full call number Barcode Date last seen Price effective from Koha item type Public note
          Military College of Signals (MCS) Military College of Signals (MCS) General Stacks 12/12/2016 370.95491,ALI MCS21616 12/08/2016 12/12/2016 Book Almirah No.54, Shelf No.2
© 2023 Central Library, National University of Sciences and Technology. All Rights Reserved.